Psychology (Record no. 31784)

MARC details
000 -LEADER
fixed length control field 00461nam a2200181Ia 4500
008 - FIXED-LENGTH DATA ELEMENTS--GENERAL INFORMATION
fixed length control field 230917s9999||||xx |||||||||||||| ||und||
020 ## - ISBN
Price RS749
040 ## - CATALOGING SOURCE
-- 256439
Original cataloging agency VIVEKANANDA LIBRARY
041 ## - Language
-- English
082 ## - DDC NUMBER
Classification number 150 B268P(5)
100 ## - MAIN ENTRY--PERSONAL NAME
Personal name Baron, Robert A
245 #0 - TITLE STATEMENT
Title Psychology
250 ## - EDITION STATEMENT
Edition statement 5th ed.
260 ## - PUBLICATION, DISTRIBUTION, ETC. (IMPRINT)
Place of publication, distribution, etc Noida
Name of publisher, distributor, etc Pearson India Education
Date of publication, distribution, etc 2019
300 ## - PHYSICAL DESCRIPTION
Pages xii, 646 p.
500 ## - GENERAL NOTE
General note 3514 18/07/2019 HBD19/7869 25/07/2019 Main Budget
942 ## - ADDED ENTRY ELEMENTS (KOHA)
Koha item type Books
Holdings
Withdrawn status Lost status Damaged status Not for loan Location (home branch) Sublocation or collection (holding branch) Date acquired Koha issues (times borrowed) Koha full call number Accession No. Koha date last seen Koha item type
        VIVEKANANDA LIBRARY VIVEKANANDA LIBRARY 19/08/2019 4 150 B268P(5) 388865 25/11/2025 Books
        VIVEKANANDA LIBRARY VIVEKANANDA LIBRARY 19/08/2019 3 150 B268P(5) 388866 17/11/2025 Books
        VIVEKANANDA LIBRARY VIVEKANANDA LIBRARY 19/08/2019 1 150 B268P(5) 388867 04/03/2025 Books
        VIVEKANANDA LIBRARY VIVEKANANDA LIBRARY 19/08/2019 1 150 B268P(5) 388868 20/02/2024 Books
        VIVEKANANDA LIBRARY VIVEKANANDA LIBRARY 19/08/2019 2 150 B268P(5) 388869 03/10/2025 Books
© Designed and Maintained by Vivekananda Library, MDU Rohtak